000 00634nam a2200253 a 4500
001 0001-1218
003 ELIB.Books
008 150529 2010 eng
020 _aKBTS
035 _a(ELIB.Books)0001-1373
092 _aJ
_bNgu
100 _aNgun Ling, Samuel.
245 _aRoad to Reform:
_bThe Myanmar Council of Churches
250 _aVol 6
260 _aMIT
_bJudson Research Center
_c2006
300 _c25 Cm
500 _aEngament
650 _aChurches (Myanmar)
856 _nKBTS: Library
_uKBTS: Elib
942 _2ddc
_cBK
990 _a1
998 _cbat
_e2015-05-29
999 _c11218
_d11218